[Event "Offene Hessische Senioren Einzelmeisters"]
[Site "Bad Sooden- Allendorf"]
[Date "2011.05.05"]
[Round "6.84"]
[White "Mittelstaedt, Ewald"]
[Black "Scholze, Roland"]
[Result "0-1"]
[WhiteElo "1684"]
[BlackElo "1986"]
[PlyCount "120"]
[EventDate "2011.??.??"]

1. d4 g6 2. c3 Bg7 3. Nf3 d6 4. e4 Nd7 5. Bg5 Ngf6 6. Bd3 O-O 7. O-O c6 8. Nbd2
Qc7 9. h3 b6 10. Rc1 Bb7 11. Re1 e5 12. Be3 Rad8 13. Qe2 Nh5 14. g3 Rfe8 15.
Bg5 f6 16. Be3 d5 17. g4 dxe4 18. Bc4+ Kh8 19. Nxe4 Nf4 20. Bxf4 exf4 21. Qd3
Nf8 22. Ned2 Qd7 23. Rxe8 Rxe8 24. Re1 Rxe1+ 25. Nxe1 Ne6 26. Nef3 Nc7 27. Qe2
Bc8 28. Kh2 Bf8 29. Nh4 Qg7 30. f3 Bb7 31. Ng2 g5 32. Bd3 c5 33. dxc5 Bxc5 34.
b4 Bd6 35. Bf5 Nd5 36. Qe8+ Qf8 37. Qd7 Qe7 38. Ne4 Qxd7 39. Bxd7 Be5 40. h4 h6
41. hxg5 hxg5 42. Ne1 Nxc3 43. a4 Nxe4 44. fxe4 Bxe4 45. Bf5 Bxf5 46. gxf5 f3+
47. Kg1 Bd4+ 48. Kf1 g4 49. b5 Kg7 50. Nc2 Bc5 51. Ne1 Kh6 52. Nd3 Bd6 53. Kf2
Kg5 54. Ne1 Bc5+ 55. Kf1 Kxf5 56. Nd3 Bd6 57. Kf2 Ke4 58. Ne1 g3+ 59. Kf1 g2+
60. Nxg2 fxg2+ 0-1

[Event "Offene Hessische Senioren Einzelmeisters"]
[Site "Bad Sooden- Allendorf"]
[Date "2011.05.05"]
[Round "6.85"]
[White "Ludwig, Richard"]
[Black "Schmieder, Wolfgang"]
[Result "1/2-1/2"]
[WhiteElo "1716"]
[BlackElo "1868"]
[PlyCount "81"]
[EventDate "2011.??.??"]

1. e4 c5 2. c3 d6 3. d4 cxd4 4. cxd4 Nf6 5. Nc3 g6 6. Nf3 Bg7 7. h3 a6 8. Be3
b5 9. a3 Bb7 10. Bd3 Nbd7 11. Rc1 Rc8 12. O-O O-O 13. Re1 Nb6 14. b3 h6 15. Qd2
Kh7 16. Rc2 d5 17. exd5 Nbxd5 18. b4 Nxc3 19. Rxc3 Rxc3 20. Qxc3 Bxf3 21. gxf3
Nd5 22. Qd2 Qd7 23. Kh2 f5 24. Qc2 Rc8 25. Qe2 Qd6+ 26. Kh1 f4 27. Bd2 Bxd4 28.
Rg1 Rg8 29. Rg2 e5 30. Be4 Nc3 31. Bxc3 Bxc3 32. Qc2 Bd4 33. Qd3 Qb6 34. Qc2
Rg7 35. Qd3 Qe6 36. Kh2 h5 37. Rg5 Kh6 38. Rg2 Qb6 39. Qc2 Qd6 40. Qd3 Qb6 41.
Qc2 1/2-1/2

[Event "Offene Hessische Senioren Einzelmeisters"]
[Site "Bad Sooden- Allendorf"]
[Date "2011.05.05"]
[Round "6.86"]
[White "Krüger, Bernhard"]
[Black "Wilfert, Eva-Maria"]
[Result "0-1"]
[WhiteElo "1789"]
[BlackElo "1743"]
[PlyCount "126"]
[EventDate "2011.??.??"]

1. d4 d5 2. Nf3 Nf6 3. e3 g6 4. c3 Bg7 5. Be2 Nc6 6. O-O O-O 7. Nbd2 b6 8. Re1
Bb7 9. Bd3 e6 10. Ne5 Nxe5 11. dxe5 Nd7 12. f4 c5 13. Nf3 Rc8 14. e4 c4 15. Bc2
Nc5 16. exd5 Qxd5 17. Qxd5 Bxd5 18. Nd4 a6 19. Bd2 Rfd8 20. Rad1 Rc7 21. b4
cxb3 22. axb3 Rcd7 23. b4 Nb7 24. Be4 b5 25. Ra1 Ra8 26. Re2 Bxe4 27. Rxe4 a5
28. Be1 Rd5 29. Nc6 Bf8 30. c4 bxc4 31. Rxc4 a4 32. Rd4 Rxd4 33. Nxd4 Be7 34.
g3 Bd8 35. Kf1 Bb6 36. Nb5 Be3 37. Ke2 Bb6 38. Ra3 Nd8 39. Rc3 Kf8 40. Na3 Ke8
41. Kd3 Kd7 42. Ke4 Nc6 43. Rd3+ Ke8 44. Rd6 Rc8 45. Bd2 Bg1 46. h3 Ne7 47. g4
Nd5 48. b5 Bc5 49. Nc4 Ra8 50. Rc6 Bf2 51. Na3 Kd7 52. f5 Bb6 53. Bc1 Bc7 54.
Bd2 Ne7 55. Bb4 Nxc6 56. bxc6+ Kxc6 57. fxe6 fxe6 58. h4 Rb8 59. Be1 Rb3 60.
Nc2 Rb1 61. Nd4+ Kd7 62. Bd2 Bb6 63. Kd3 Bd8 0-1

[Event "Offene Hessische Senioren Einzelmeisters"]
[Site "Bad Sooden- Allendorf"]
[Date "2011.05.05"]
[Round "6.87"]
[White "Köhler, Marianne"]
[Black "Droese, Dr. Manfred"]
[Result "0-1"]
[WhiteElo "1661"]
[BlackElo "1844"]
[PlyCount "66"]
[EventDate "2011.??.??"]

1. e4 g6 2. c3 Bg7 3. d4 d6 4. Be2 Nf6 5. Nd2 O-O 6. h3 Nbd7 7. Bd3 c6 8. Ne2
e5 9. O-O Re8 10. Ng3 Qc7 11. Nb3 a5 12. Be3 b6 13. Nc1 Ba6 14. Bxa6 Rxa6 15.
Qd3 Raa8 16. Nb3 Rad8 17. Qb1 d5 18. exd5 Nxd5 19. Qc1 Nxe3 20. fxe3 exd4 21.
Ne2 dxe3 22. Rf3 Bh6 23. Qc2 Ne5 24. Nbd4 Nxf3+ 25. Nxf3 c5 26. Rf1 Rd6 27. Qa4
Qe7 28. g4 Red8 29. h4 Qd7 30. Ne5 Qxa4 31. g5 Bg7 32. Rf4 Qd1+ 33. Rf1 Qxf1+
0-1

[Event "Offene Hessische Senioren Einzelmeisters"]
[Site "Bad Sooden- Allendorf"]
[Date "2011.05.05"]
[Round "6.88"]
[White "Narr, Irmgard"]
[Black "Donner, Ernst"]
[Result "1-0"]
[WhiteElo "1780"]
[BlackElo "1648"]
[PlyCount "65"]
[EventDate "2011.??.??"]

1. e4 d6 2. Nf3 Bg4 3. d4 c6 4. Be3 g6 5. c3 Bg7 6. Bc4 e6 7. h3 Bxf3 8. Qxf3
Ne7 9. Nd2 O-O 10. O-O Qc7 11. Bf4 Nd7 12. Rfe1 e5 13. Bg5 Rae8 14. Be3 b5 15.
Bb3 c5 16. dxc5 dxc5 17. Rad1 c4 18. Bc2 Kh8 19. a4 a6 20. axb5 axb5 21. Ra1
Qb7 22. Ra7 Qc6 23. Rea1 f6 24. R1a6 Qc8 25. Nf1 Nc6 26. Qd1 Nxa7 27. Rxa7 Rd8
28. Qd5 Nb8 29. Qxb5 Qc6 30. Qb4 Na6 31. Qe7 Rg8 32. Bh6 Qd6 33. Bxg7+ 1-0

[Event "Offene Hessische Senioren Einzelmeisters"]
[Site "Bad Sooden- Allendorf"]
[Date "2011.05.05"]
[Round "6.89"]
[White "Schiller, Hans"]
[Black "Ludwig, Siegfried"]
[Result "1/2-1/2"]
[WhiteElo "1856"]
[BlackElo "1630"]
[PlyCount "49"]
[EventDate "2011.??.??"]

1. d4 d5 2. Nf3 Nc6 3. Bf4 e6 4. e3 a6 5. c4 Nf6 6. Nc3 Bb4 7. a3 Bxc3+ 8. bxc3
O-O 9. Bg5 h6 10. Bh4 g5 11. Bg3 Ne4 12. Qc2 f5 13. Ne5 Nxg3 14. hxg3 Nxe5 15.
dxe5 Kg7 16. Bd3 Qe7 17. f4 c6 18. Kf2 g4 19. a4 a5 20. cxd5 cxd5 21. Rab1 Qc5
22. Rb5 Qc7 23. Rhb1 Ra6 24. c4 Rc6 25. c5 1/2-1/2

[Event "Offene Hessische Senioren Einzelmeisters"]
[Site "Bad Sooden- Allendorf"]
[Date "2011.05.05"]
[Round "6.90"]
[White "Grüneschild, Hildegard"]
[Black "Schneidereit, Manfred"]
[Result "1/2-1/2"]
[WhiteElo "1634"]
[BlackElo "1822"]
[PlyCount "81"]
[EventDate "2011.??.??"]

1. c4 e6 2. Nc3 c5 3. Nf3 Nc6 4. e3 Nf6 5. d3 d5 6. cxd5 Nxd5 7. Be2 a6 8. O-O
b5 9. Nxd5 exd5 10. a3 Be6 11. Bd2 Bd6 12. Rc1 Rc8 13. Bc3 O-O 14. d4 Ne7 15.
dxc5 Bxc5 16. b4 Ba7 17. Ne5 f6 18. Nd3 d4 19. exd4 Bxd4 20. Bxd4 Qxd4 21. Nc5
Qxd1 22. Rcxd1 Rc6 23. Bf3 Rb6 24. Rfe1 Kf7 25. Re3 Bc8 26. Rde1 Re8 27. Bd5+
Kf8 28. Ba2 Rd6 29. Ne6+ Bxe6 30. Bxe6 Red8 31. Bg4 Nc6 32. Re6 Ne5 33. Rxd6
Rxd6 34. Be2 Rd2 35. Kf1 Ra2 36. f4 Nc4 37. Bxc4 bxc4 38. Rc1 Rxa3 39. Rxc4 Ra4
40. Rc8+ Kf7 41. Rb8 1/2-1/2

[Event "Offene Hessische Senioren Einzelmeisters"]
[Site "Bad Sooden- Allendorf"]
[Date "2011.05.05"]
[Round "6.91"]
[White "Schneider, Hans"]
[Black "Geibel, Henning"]
[Result "1/2-1/2"]
[WhiteElo "1793"]
[BlackElo "1536"]
[PlyCount "44"]
[EventDate "2011.??.??"]

1. Nf3 d5 2. g3 Nf6 3. d3 Bg4 4. Bg2 c6 5. Nbd2 e6 6. h3 Bxf3 7. Nxf3 Be7 8.
O-O O-O 9. Re1 d4 10. a3 h6 11. c3 dxc3 12. bxc3 Na6 13. Qc2 Bd6 14. e4 e5 15.
d4 exd4 16. cxd4 Bc7 17. Bb2 Bb6 18. Rad1 Qc7 19. Ne5 c5 20. d5 Rad8 21. Nc4
Ne8 22. Qc3 f6 1/2-1/2

[Event "Offene Hessische Senioren Einzelmeisters"]
[Site "Bad Sooden- Allendorf"]
[Date "2011.05.05"]
[Round "6.92"]
[White "Graffenberger, Wilhelm"]
[Black "Helm, Irmgard"]
[Result "1/2-1/2"]
[WhiteElo "1762"]
[BlackElo "1714"]
[PlyCount "163"]
[EventDate "2011.??.??"]

1. d4 d5 2. Nf3 Bg4 3. e3 a6 4. Bd3 Nf6 5. Nbd2 Nc6 6. c3 e5 7. e4 Bxf3 8. Qxf3
exd4 9. exd5 Nxd5 10. Qe4+ Be7 11. cxd4 Nf6 12. Qe3 Nxd4 13. O-O Ne6 14. Nf3
Bc5 15. Qe2 O-O 16. Bg5 h6 17. Bxf6 Qxf6 18. Qe4 g6 19. Ne5 Rad8 20. Ng4 Qg5
21. h3 Nf4 22. Rad1 h5 23. Ne3 Nxh3+ 24. Kh1 Nxf2+ 25. Rxf2 Bxe3 26. Rf3 Bc5
27. Rdf1 Rde8 28. Qxb7 Qh4+ 29. Rh3 Qd4 30. Qxc7 Re7 31. Qg3 Bd6 32. Qh4 Qxb2
33. Qc4 Rc7 34. Qxa6 Rd8 35. a4 Rc1 36. Qb5 Rxf1+ 37. Bxf1 Qc1 38. Rf3 Qe1 39.
Qc4 Qe7 40. a5 Bc5 41. Qe2 Qh4+ 42. Rh3 $11 Qd4 43. Kh2 Qg1+ 44. Kg3 Bd6+ 45.
Kf3 Qd4 46. Qe4 Qc3+ 47. Bd3 Qf6+ 48. Ke2 Bc5 49. Rf3 Qb2+ 50. Bc2 Qb5+ 51. Bd3
Qb2+ 52. Bc2 Qb5+ 53. Bd3 Qe8 54. a6 Qxe4+ 55. Bxe4 Re8 56. Kd3 Ba7 57. Bb7 f5
58. Kc4 Re5 59. Bd5+ Kg7 60. Rb3 Kf6 61. Rb7 Re7 62. Bc6 g5 63. Rd7 f4 64. Rd6+
Re6 65. Kd5 Rxd6+ 66. Kxd6 g4 67. Kd5 f3 68. g3 Kg5 69. Ke4 h4 70. gxh4+ Kxh4
71. Kf4 f2 72. Bb5 Bb8+ 73. Ke3 Ba7+ 74. Kf4 g3 75. Kf3 Kh3 76. Bf1+ Kh2 77.
Bg2 Bb8 78. Bf1 Kg1 79. Bg2 f1=Q+ 80. Bxf1 Kxf1 81. a7 Bxa7 82. Kxg3 1/2-1/2

[Event "Offene Hessische Senioren Einzelmeisters"]
[Site "Bad Sooden- Allendorf"]
[Date "2011.05.05"]
[Round "6.93"]
[White "Semisch, Helga"]
[Black "Neumann, Dr. Peter"]
[Result "0-1"]
[WhiteElo "1609"]
[BlackElo "1888"]
[PlyCount "58"]
[EventDate "2011.??.??"]

1. d4 Nf6 2. e3 g6 3. c3 Bg7 4. Bd3 d6 5. e4 Nbd7 6. Nd2 O-O 7. Ne2 e5 8. d5
Nc5 9. Bc2 a5 10. O-O b6 11. Rb1 Ba6 12. c4 Bb7 13. b3 c6 14. a3 Qc7 15. Nf3
Ncxe4 16. Be3 cxd5 17. Ng5 Nxg5 18. Bxg5 dxc4 19. bxc4 Qc6 20. f3 Rab8 21. Ba4
Qc5+ 22. Kh1 Ba6 23. Bb5 Bxb5 24. Rxb5 Qxc4 25. a4 Qc7 26. Qd2 Rfd8 27. Rc1 Qd7
28. Be3 Rbc8 29. Rcb1 Qe8 {weitere 18 Züge nicht rekonstruierbar} 0-1

[Event "Offene Hessische Senioren Einzelmeisters"]
[Site "Bad Sooden- Allendorf"]
[Date "2011.05.05"]
[Round "6.96"]
[White "Ludwig, Egbert"]
[Black "Krause, Werner"]
[Result "0-1"]
[WhiteElo "1490"]
[BlackElo "1695"]
[PlyCount "66"]
[EventDate "2011.??.??"]

1. d4 d5 2. Nf3 Bf5 3. g3 Nc6 4. Bg2 Nb4 5. Na3 Nf6 6. Bd2 Nc6 7. c4 Qd7 8. O-O
Bh3 9. Bxh3 Qxh3 10. Ng5 Qd7 11. e3 dxc4 12. Nxc4 Qd5 13. Nxf7 Qxf7 14. Rc1 e6
15. Qb3 Rb8 16. Qb5 Qd7 17. Ne5 Nxe5 18. Qxe5 Bd6 19. Qa5 O-O 20. Qxa7 Ne4 21.
Be1 b6 22. Rc4 Qc8 23. Qa4 b5 24. Qc2 bxc4 25. Qxe4 Bb4 26. Bc3 Bxc3 27. bxc3
Rb2 28. a4 Qa6 29. Ra1 Rbxf2 30. Qg4 Qc6 31. Qh3 Qe4 32. a5 Qxe3 33. a6 Rf1+
0-1

[Event "Offene Hessische Senioren Einzelmeisters"]
[Site "Bad Sooden- Allendorf"]
[Date "2011.05.05"]
[Round "6.97"]
[White "Hespers, Rolf"]
[Black "Henniges, Erhard"]
[Result "1/2-1/2"]
[WhiteElo "1784"]
[BlackElo "1682"]
[PlyCount "50"]
[EventDate "2011.??.??"]

1. d4 d5 2. Bf4 Nf6 3. h3 g6 4. Nc3 c6 5. e3 Bg7 6. Bd3 O-O 7. Nf3 Nbd7 8. O-O
Ne8 9. Ne2 f6 10. e4 e5 11. dxe5 fxe5 12. Bg3 Nd6 13. Nc3 d4 14. Ne2 c5 15. b3
b5 16. c4 b4 17. a3 Bb7 18. axb4 cxb4 19. Qc2 Qb6 20. Ra2 Rac8 21. Rfa1 Nb5 22.
Qd2 Na3 23. Ne1 a5 24. Nc2 Nc5 25. Rb2 Bxe4 1/2-1/2

[Event "Offene Hessische Senioren Einzelmeisters"]
[Site "Bad Sooden- Allendorf"]
[Date "2011.05.05"]
[Round "6.98"]
[White "Gröner, Marga"]
[Black "Schumacher, Ursula"]
[Result "1/2-1/2"]
[WhiteElo "1480"]
[BlackElo "1667"]
[PlyCount "77"]
[EventDate "2011.??.??"]

1. d4 c6 2. e3 d5 3. Bd3 Nf6 4. Nd2 e6 5. c3 c5 6. Ngf3 c4 7. Bc2 Nc6 8. e4 Be7
9. e5 Nd7 10. Ba4 Qc7 11. Bxc6 Qxc6 12. O-O O-O 13. Re1 b5 14. a3 Rb8 15. Nf1
f6 16. h3 f5 17. Bg5 Bxg5 18. Nxg5 h6 19. Nf3 a5 20. N3d2 a4 21. f4 Rf7 22. Nf3
g6 23. Nh4 Nf8 24. Re3 Kh7 25. g3 Rg7 26. Qd2 Qe8 27. Kh2 Rbb7 28. Rf3 g5 29.
fxg5 hxg5 30. Ng2 Kg8 31. h4 Qh5 32. Rf2 Rbf7 33. Kg1 gxh4 34. Nf4 Qg4 35. Qe3
h3 36. Qf3 Qxf3 37. Rxf3 Rh7 38. Kh2 Rfg7 39. Ne3 1/2-1/2

[Event "Offene Hessische Senioren Einzelmeisters"]
[Site "Bad Sooden- Allendorf"]
[Date "2011.05.05"]
[Round "6.99"]
[White "Wolff, Heinz"]
[Black "Knobling, Rolf"]
[Result "0-1"]
[WhiteElo "1613"]
[BlackElo "1636"]
[PlyCount "84"]
[EventDate "2011.??.??"]

1. c4 e5 2. Nc3 f5 3. d3 Nf6 4. e4 d6 5. Bg5 Be7 6. Nf3 Nc6 7. Be2 O-O 8. O-O
h6 9. Bxf6 Bxf6 10. Nd5 f4 11. Nxf6+ Qxf6 12. g3 Bh3 13. Re1 g5 14. Nd2 fxg3
15. f3 Qf4 16. Nf1 Bxf1 17. Rxf1 gxh2+ 18. Kg2 Nd4 19. Rb1 b6 20. Rf2 Kh7 21.
Qf1 Nc2 22. Kh1 Ne3 23. Qh3 g4 24. Qh4 g3 25. Qxf4 Rxf4 26. Rg2 Nxg2 27. Kxg2
Rg8 28. b4 h5 29. c5 Rg6 30. cxb6 cxb6 31. Rc1 Rf7 32. d4 exd4 33. Bd3 Kh6 34.
e5 Rgg7 35. exd6 Rf6 36. Rc6 Rd7 37. Be4 Rfxd6 38. Rxd6+ Rxd6 39. f4 h4 40. Kh3
d3 41. Bf3 d2 42. Bd1 h1=Q+ 0-1

[Event "Offene Hessische Senioren Einzelmeisters"]
[Site "Bad Sooden- Allendorf"]
[Date "2011.05.05"]
[Round "6.100"]
[White "Lübbers, Dr. Doris"]
[Black "Bartl, Birgit"]
[Result "0-1"]
[WhiteElo "1602"]
[BlackElo "1511"]
[PlyCount "53"]
[EventDate "2011.??.??"]

1. d4 d5 2. Bf4 Nf6 3. e3 e6 4. Be2 Be7 5. h3 Nbd7 6. Nf3 b6 7. O-O O-O 8. Nbd2
c5 9. c4 Bb7 10. Nb3 Rc8 11. Rc1 h6 12. cxd5 Nxd5 13. Bg3 Bf6 14. Qd2 Re8 15.
a3 e5 16. dxe5 Nxe5 17. Nxe5 Bxe5 18. Bxe5 Rxe5 19. Bg4 Rb8 20. Qc2 Nf6 21.
Rcd1 Qe7 22. Qe2 Nxg4 23. Qxg4 Rg5 24. Rd7 Rxg4 25. Rfd1 Rxg2+ 26. Kf1 Qf6 27.
R7d2 0-1

[Event "Offene Hessische Senioren Einzelmeisters"]
[Site "Bad Sooden- Allendorf"]
[Date "2011.05.05"]
[Round "6.103"]
[White "Nols, Uwe"]
[Black "Dirks, Rainer"]
[Result "0-1"]
[WhiteElo "1229"]
[BlackElo "1610"]
[PlyCount "74"]
[EventDate "2011.??.??"]

1. e4 e5 2. Nf3 Nc6 3. Nc3 Nf6 4. g3 d5 5. exd5 Nxd5 6. Bg2 Nxc3 7. bxc3 Be7 8.
d3 O-O 9. Bb2 Bg4 10. c4 Bf6 11. O-O Rb8 12. Re1 Re8 13. c3 a6 14. Qc1 b5 15.
a3 Na5 16. Ra2 bxc4 17. dxc4 Nxc4 18. Ba1 Qe7 19. Qc2 Nxa3 20. Qe4 Bxf3 21.
Qxf3 Qc5 22. Rd2 Red8 23. Red1 Re8 24. Rd5 Qf8 25. Qe4 Nb5 26. c4 Nd4 27. Ra5
Re6 28. Bc3 Reb6 29. Raa1 Qc5 30. Qd5 Qxd5 31. cxd5 Ne2+ 32. Kh1 Nxc3 33. Rdc1
Rb1 34. Bf1 Rxc1 35. Rxa6 Rxf1+ 36. Kg2 Rd1 37. Kh3 Nxd5 0-1

[Event "Offene Hessische Senioren Einzelmeisters"]
[Site "Bad Sooden- Allendorf"]
[Date "2011.05.05"]
[Round "6.45"]
[White "Görtz, Hans"]
[Black "Papapostolou, Christo"]
[Result "0-1"]
[WhiteElo "1989"]
[BlackElo "2105"]
[Annotator ",Microsoft"]
[PlyCount "85"]
[EventDate "2011.??.??"]

1. d4 Nf6 2. Nf3 g6 3. e3 Bg7 4. Be2 O-O 5. c4 d6 6. O-O c6 7. b3 Qc7 8. Bb2
Bg4 9. Nbd2 Nbd7 10. h3 Bxf3 11. Nxf3 e5 12. c5 dxc5 13. dxe5 Nd5 14. Bc4 Nxe5
15. Nxe5 Bxe5 16. Bxe5 Qxe5 17. Rc1 Rad8 18. Qc2 Nb4 19. Qb1 Rd2 20. a3 Nd5 21.
Bxd5 Qxd5 22. Rfd1 Rd8 23. Rxd2 Qxd2 24. Rxc5 Qd1+ 25. Qxd1 Rxd1+ 26. Kh2 Rd3
27. Ra5 Rxb3 28. Rxa7 c5 29. Ra8+ Kg7 30. Rc8 Rxa3 31. Rxc5 Rb3 32. Kg3 Kf6 33.
Kf3 Ke6 34. Rc7 h5 35. g4 hxg4+ 36. hxg4 g5 37. Ke4 Rb4+ 38. Kd3 f6 39. f3 Rb3+
40. Kd4 Rb1 41. Ke4 Rb4+ 42. Kd3 Kd6 43. Rf7 {
weitere 17 Züge nicht rekonstruierbar} 0-1